Differential equations with Maple

Αποθηκεύτηκε σε:
Λεπτομέρειες βιβλιογραφικής εγγραφής
Άλλοι συγγραφείς: Coombes, Kevin Robert, 1955-
Μορφή: Βιβλίο
Γλώσσα:English
Δημοσίευση: New York : John Wiley & Sons, c1997.
Έκδοση:2nd ed.
Θέματα:
Ετικέτες: Προσθήκη ετικέτας
Δεν υπάρχουν, Καταχωρήστε ετικέτα πρώτοι!

MARC

LEADER 00000cam a2200000 i 4500
001 1/49542
008 980722s1997 nyu| ||| |||| ||eng||
020 |a 0471176451 
035 |l 10043634 
040 |a GR-MyUa  |b gre  |e AACR2 
041 0 |a eng 
082 0 |a 515.352078 
245 0 0 |a Differential equations with Maple /   |c Kevin R. Coombes...[et al.].  
250 |a 2nd ed.  
260 |a New York :   |b John Wiley & Sons,   |c c1997.  
300 |a v, 240 σ. :   |b εικ. ;   |c 24 εκ.  
500 |a Περιλαμβάνει ευρετήριο. 
630 0 0 |a Maple (Computer file) 
650 0 |a Differential equations  |x Numerical solutions  |x Data processing. 
700 1 |a Coombes, Kevin Robert,   |d 1955- 
852 |a INST  |b LESVOS  |e 20000131  |h 515.352078 DIF  |p 005100021536  |q 005100021536  |t BK  |y 0 
852 |a INST  |b SAMOS  |e 19980729  |h 515.352078 DIF  |p 005300010867  |q 005300010867  |t BK  |y 0 
852 |a INST  |b SAMOS  |e 19980722  |h 515.352078 DIF  |p 005300010887  |q 005300010887  |t BK  |y 0 
901 |a BIBL-1998-2 
922 |a 3ΕΛΗ  |b 199807  |c ΔΩΡ  |d JOHN WILEY 
922 |a 1ΕΛΗ  |b 199912  |c ΤΑΚ/ΜΥΡΙΤΖΗΣ  |d ΠΑΠΑΣΩΤΗΡΙΟΥ 
950 |a 182-1999-10-11